000
00197 a2200097 4500
001
7663
100
_a
Nazar,
245
_a
Iqbal Aur Hadrabad
260
_a
_b
Iqbal Academy
_c
090
_c
6131
_d
6131
942
_a
NUST-CAE
_c
M
_c
32636
999
_c
242736
_d
242736